000 00419nam a2200145Ia 4500
008 211109s9999||||xx |||||||||||||| ||und||
082 _a530
_bVAS-I
100 _aVasu, A C
245 0 _aInsteenum Apekshika Sidhandhavum
260 _bState Institute of Languages
_aThiruvananthapuram
_c1975
300 _a99p.
630 _xgeneral stack
650 _aNatural sciences & mathematics
_vPhysicsGeneralia
942 _cBOOK
999 _c64433
_d64433